Musicals! - Statistics

General Stats
  • This quiz has been taken 135 times
  • The average score is 14 of 32
Answer Stats
Song Musical % Correct
Follow the Yellow Brick Road Wizard of Oz
86%
Arabian Nights Aladdin
85%
Roxie Chicago
82%
Honey, Honey Mamma Mia
80%
Revolting Children Matilda
80%
Little Girls Annie
78%
Feed the Birds Mary Poppins
77%
So Long, Farewell The Sound of Music
75%
Seize the Day Newsies
66%
Aquarius Hair
64%
Agony Into the Woods
63%
One Last Time Hamilton
58%
For Forever Dear Evan Hansen
56%
Buenos Aires Evita
56%
The Confrontation Les Miserables
56%
Something Bad Wicked
56%
Sunrise, Sunset Fiddler on the Roof
42%
Goodbye Love Rent
35%
It Only Takes a Taste Waitress
34%
Voices in My Head Be More Chill
29%
Fugue for Tinhorns Guys and Dolls
25%
Crazier than You The Addams Family
25%
Home Beauty and the Beast
19%
Biggest Blame Fool Seussical
18%
Still Hurting The Last Five Years
18%
Shuffle off to Buffalo 42nd Street
17%
The Telephone Hour Bye Bye Birdie
10%
Pretty Funny Dogfight
8%
One Step Closer The Little Mermaid
6%
It Can't Be True 13
5%
Believe Finding Neverland
5%
Cross the Line Big the Musical
2%
No matching quizzes found
Score Distribution
Percent of People with Each Score
Percentile by Number Answered
Your Score History
You have not taken this quiz